| 000 | 00349 a2200109 4500 | ||
|---|---|---|---|
| 001 | ART_8362 | ||
| 005 | 20260410161844.0 | ||
| 008 | 260409a | ||
| 245 | 1 | 0 | _aLa educación: ¿Una barrera al desarrollo económico? |
| 100 | 1 | _aBarkin, David | |
| 773 | 0 |
_tEl trimestre económico _g- Vol. XXXIII, Nº 152 (oct./dic. 1971) _wREV6933 |
|
| 999 |
_c24342 _d24342 |
||